| 000 | 01420cam a2200373 i 4500 | ||
|---|---|---|---|
| 999 |
_c535252 _d535252 |
||
| 001 | 18212005 | ||
| 003 | NUST | ||
| 005 | 20200901155805.0 | ||
| 008 | 140703s2016 maua 001 0 eng | ||
| 010 | _a 2014024771 | ||
| 020 | _a9780133867558 | ||
| 020 | _a0133867552 | ||
| 038 | _aMSOHAIL | ||
| 040 |
_aDLC _beng _cDLC _erda _dDLC |
||
| 042 | _apcc | ||
| 043 | _an-us--- | ||
| 050 | 0 | 0 |
_aHF5718 _b.B66 2016 |
| 082 | 0 | 0 |
_a658.45 _223 _bBOV |
| 100 | 1 |
_aBovée, Courtland L. _97258 |
|
| 245 | 1 | 0 |
_aBusiness communication today / _cCourtland L. Bovée, Professor of Business Communication C. Allen Paul Distinguished Chair Grossmont College, John V. Thill, Chairman and Chief Executive Officer Global Communication Strategies. |
| 250 | _aThirteenth edition. | ||
| 264 | 1 |
_aBoston : _bPearson, _c[2016] |
|
| 300 |
_axliv, 623 pages : _billustrations ; _c29 cm |
||
| 336 |
_atext _btxt _2rdacontent |
||
| 337 |
_aunmediated _bn _2rdamedia |
||
| 338 |
_avolume _bnc _2rdacarrier |
||
| 500 | _aIncludes indexes. | ||
| 650 | 0 |
_aBusiness communication _zUnited States _vCase studies. _929717 |
|
| 650 | 0 |
_aCommunication in organizations _zUnited States _vCase studies. _929718 |
|
| 700 | 1 |
_aThill, John V. _921914 |
|
| 906 |
_a7 _bcbc _corignew _d1 _eecip _f20 _gy-gencatlg |
||
| 942 |
_2ddc _cBK |
||